Statistics for first love/late spring - mitski lyrics

Click here to take the quiz!

General Stats

  • This quiz has been taken 48 times
  • The average score is 156 of 185

Answer Stats

Answer% Correct
a
96%
don't
96%
i
96%
love
92%
me
92%
of
92%
please
92%
say
92%
so
92%
you
92%
and
88%
black
88%
can
88%
can't
88%
child
88%
hurry
88%
in
88%
i've
88%
lately
88%
leave
88%
night
88%
sleep
88%
the
88%
when
88%
where
88%
window
88%
back
85%
been
85%
breathe
85%
but
85%
crawl
85%
on
85%
peach
85%
something
85%
sweet
85%
tall
85%
tell
85%
tree
85%
baby
81%
blues
81%
breeze
81%
carries
81%
crying
81%
find
81%
get
81%
hole
81%
jump
81%
like
81%
off
81%
one
81%
that
81%
this
81%
women
81%
behaved
77%
from
77%
grown
77%
i'm
77%
into
77%
ledge
77%
was
77%
wild
77%
word
77%
would
77%
young
77%
25
73%
go
73%
now
73%
to
69%
home
65%
sky
65%
wanna
65%
big
62%
yet
62%
let
58%
ga
54%
top
54%
walk
54%
mune
46%
hachikire-sōde
27%

Score Distribution

Percentile by Number Answered

Percent of People with Each Score

Your Score History

You have not taken this quiz